000 00765cab a2200277 4500
001 ABS56448
008 090401t1997 xxu||||| |||| 00| 0 eng d
035 _a(Sirsi) u23671
041 _aeng
245 _aFocus `97: Cambridgeshire
260 _c1997
350 _a0
490 _aEstates Gazette
_v(9704) 25 January 1997, 101-126(11)
650 _aALCONBURY
650 _aCAMBRIDGE
650 _aCAMBRIDGESHIRE
650 _aHAMPTON
650 _aHUNTINGDON
650 _aPROPERTY-COMMERCIAL PROPERTY-OFFICE PROPERTY-OFFICE PROPERTY MARKET
650 _aPETERBOROUGH
650 _aRESEARCH AND DEVELOPMENT
650 _aSCIENCE PARKS
690 _aPROPERTY-COMMERCIAL PROPERTY-COMMERCIAL PROPERTY MARKET
942 _n0
948 _c04/03/1997
999 _c15844
_d15844